00752cam a22002413a 45000010005000000030006000050050017000110080041000280400015000690420007000840500007000910500007000981000034001052450091001392600029002305060030002595160020002896530051003096530035003607400046003958300028004418560041004699548PGUSA20140828083213.0060109s2006||||xxu|||||s|||||000 | eng d aPGUSAbeng adc 4aPQ 4aCT1 aSandars, Mary Frances,d1864-10aHonore de Balzac, His Life and Writingsh[electronic resource] /cMary Frances Sandars bProject Gutenberg,c2006 aPublic domain in the USA. aElectronic text aNovelists, French -- 19th century -- Biography aBalzac, Honoré de, 1799-18500 aHonoré de Balzac, His Life and Writings 0aProject Gutenbergv954840uhttp://www.gutenberg.org/ebooks/9548